000 00376nam a2200169Ia 4500
008 210210b1959 xxu||||| |||| 00| 0 eng d
041 _aeng
082 _a333/68
100 _aMISRA (B R)
245 _aPlan and you
260 _aBombay
_bOrient Longman Ltd
_c1959
650 _ayou
650 _aPlan
650 _aand
690 _aEconomic Planning
906 _a004240
999 _c123690
_d123690